|
|
|
|
| LEADER |
00000nab a2200000 a 4500 |
| 001 |
vtls000761521 |
| 003 |
SK-MaSNL |
| 005 |
20260304011528.0 |
| 008 |
140228c2001 xo 0 slo |
| 015 |
|
|
|a SNBRB2001/06-19396
|
| 035 |
|
|
|a CLN000113308
|
| 040 |
|
|
|a SNKBUCL
|b slo
|c SNKBUCL
|e AACR2
|
| 041 |
0 |
|
|a slo
|
| 044 |
|
|
|a xo
|c SK
|
| 080 |
|
|
|a 654.191(437.6)
|2 1997
|
| 080 |
|
|
|a 7.096(437.6)
|2 1997
|
| 100 |
1 |
|
|a Podstupka, Martin
|4 ain
|9 270483
|
| 245 |
1 |
0 |
|a Verejnoprávnosť nie je vízia
|c Martin Podstupka, Jaroslav Rezník
|
| 300 |
|
|
|b Fotogr.
|
| 600 |
1 |
7 |
|a Rezník, Jaroslav,
|d 1966-
|2 snkbucl
|9 17371
|
| 610 |
2 |
7 |
|a Slovenský rozhlas
|2 snkbucl
|9 145763
|
| 655 |
|
7 |
|a články z novín a časopisov
|2 snkbucl
|9 267496
|
| 700 |
1 |
|
|a Rezník, Jaroslav,
|d 1942-
|4 aut
|9 100140
|
| 773 |
0 |
|
|t Hospodárske noviny
|g Roč. 9, č. 69 (6.-8.4.2001)
|x 1335-4701
|
| 773 |
0 |
|
|t [Príl.] Copernicus 2001
|g Č. 14, s. 13-14
|x 1335-4701
|
| 850 |
|
|
|a Slovenská národná knižnica v Martine
|
| 852 |
|
|
|a SNK
|b KIS3GCP
|
| 958 |
|
|
|a SK
|
| 992 |
|
|
|a RBX
|
| 999 |
|
|
|c 2566821
|d 2568751
|